000 01086nam0a22002891 4500
001 v19\rc\1655913
005 20061002133323.0
035 _a(NLR Aleph) 004839853
090 _a4810362
_c4810362
100 _a20061002d1892 |||y0rusy50 ca
101 0 _arus
102 _aRU
105 _aa z |||||
200 1 _aЧего мы желаем и требуем от соломенно-ковровых крыш и как их устраивать? и о смазке, заделке и насыпке потолков
205 _a2-е изд., значит. изм. и доп.
210 _aЧернигов
_cтип. Губ. правл.
_d1892
215 _a23 с., 1 л. ил.
_d23
700 1 _aПушкаренко-Овсеенко
_bМ. С.
_gМитрофан Семенович
_4220
790 1 _aОвсеенко
_bМ. С.
_gМитрофан Семенович
801 0 _aRU
_bNLR
_gpsbo
801 0 _aRU
_bRuMoRGB
_2psbo
801 1 _aRU
_bProSoft-M
_2rusmarc
852 _aNLR
_j18.186.2.324
899 _aБАН
899 _aRuMoRGB
_jA 201/113
942 _cBOOK
980 _aNB